| 000 | 01900nam a2200421 c 4500 | ||
|---|---|---|---|
| 003 | BLK | ||
| 005 | 20231115093034.0 | ||
| 008 | 180409b bul|||||r ||||||| ||bul|| | ||
| 010 | _aKNG00105957000 | ||
| 020 |
_a954-8401-10-9 _bиздат.: Тракия-М |
||
| 040 | _aBLK | ||
| 041 |
_aBUL _cBUL |
||
| 080 |
_aТехника на търговията (икон. аспекти). Условия на сделките. Форми на стокообмен и разпределение на стоките. Условия на доставките, на плащане. Размяна. Бартерни сделки. Покупка. Продажба. Фр _b339.18 _x(075.8) _z339.18(075.8) |
||
| 080 |
_aПласмент. Продажби _b658.8 _x(075.8) _z658.8(075.8) |
||
| 100 | 1 |
_aКостова, Септемврина Георгиева _eпърви автор _9366919 |
|
| 700 | 1 |
_aПетров, Иван _eсъавт. _gИванов, Иван Петров _9364739 |
|
| 139 |
_aКостова, Септемврина Георгиева и др. _bК 86 |
||
| 245 | 1 | 0 |
_aПродаване и управление на продажбите _cСептемврина Георгиева Костова; съавт. Иван Петров. |
| 257 | _aBGR | ||
| 260 |
_аСофия _bТракия-М _c2002 |
||
| 300 |
_a464 с. _c21 см |
||
| 380 | _a3 | ||
| 500 | _aБиблиогр. с. 463-464. | ||
| 504 | _a463-464 | ||
| 650 | 4 |
_aПродажби _9167941 |
|
| 650 | 4 |
_aТърговия - организация _9268440 |
|
| 653 | _aпродажби | ||
| 653 | _aуправление | ||
| 653 | _aорганизация | ||
| 653 | _aтехники | ||
| 653 | _aстратегии | ||
| 852 | _aЦб 214738 | ||
| 856 | 4 |
_qpdf _u |
|
| 856 | 4 |
_qpdf _u |
|
| 942 |
_cKNG _n0 _01 |
||
| 944 |
_aCR _c01.01.2002 _k30534 _lРадостина Карадакова |
||
| 944 |
_aED _c26.11.2012 _k |
||
| 999 |
_c100928 _d100928 |
||